01490cam a22003254i 4500003000900000005001700009008004100026035001900067040003300086082001700119100004600136245006400182264004000246336002100286337002500307338002300332505070700355526000901062526000901071526000901080526000901089526000901098526000901107526000801116526000801124526000801132526000801140526000801148526000801156PE-LiUPU20250731184545.0150625s r 000 0 d a(Sirsi) a31046 aPE-LiUPUbspacPE-LiUPUerda04a909bIb12211 aIbarra y Rodriguez, Eduardo, dr.,eautor.10aHistoria del mundo en la edad moderna; el siglo XVIII .n6. 1aBarcelona :bRamón Sopena,c1957. atext2rdacontent aunmediated2rdamedia avolume2rdacarrier0 aGran Bretaña durante el reinado de Jorge I. - Los tiempos de Walpole y los Pelham. - El Jacobitismo y la unión. - El gobierno de los borbones en Francia y España. - Ensayos financieros y desenvolvimiento colonial. - Polonia bajo el gobierno de los reyes Sajones. - La guerra de la suceción Austriaca. - La guerra de los 7 años. - Rusia durante los reinados de Ana e Isabel. - La reversión de Alianzas. - España y Portugal. - La gran Bretaña. - Irlanda, sigloXVIII. - La India. - Italia y el papado. - Suiza desde el tratado de Aarau hasta la revolución Francesa. - José II. - Catalina II. - Federico ''El Grande'' y su sucesor. - El movimiento romántico en la literatura Europea. aP136 aP135 aP134 aP133 aP144 aP143 aP87 aP35 aP20 aP14 aP10 aP06